MARC details
| 000 -LEADER |
| campo de control de longitud fija |
02050nac a22002897a 4500 |
| 003 - IDENTIFICADOR DE NÚMERO DE CONTROL |
| campo de control |
Co-PeBPM |
| 005 - FECHA Y HORA DE LA ÚLTIMA TRANSACCIÓN |
| campo de control |
20240326172733.0 |
| 007 - CAMPO FIJO DE DESCRIPCIÓN FÍSICA--INFORMACIÓN GENERAL |
| campo de control de longitud fija |
ta |
| 008 - DATOS DE LONGITUD FIJA--INFORMACIÓN GENERAL |
| campo de control de longitud fija |
240326s2010 |||||||| |||| 00| 0 spa d |
| 020 ## - NÚMERO INTERNACIONAL ESTÁNDAR DEL LIBRO |
| Número Internacional Estándar del Libro |
9788432228582 |
| 040 ## - FUENTE DE CATALOGACIÓN |
| Centro catalogador/agencia de origen |
Co-PeBPM |
| Lengua de catalogación |
spa |
| Centro/agencia transcriptor |
Co-PeBPM |
| Normas de descripción |
rda |
| 041 ## - CÓDIGO DE IDIOMA |
| Código de lengua del texto/banda sonora o título independiente |
spa |
| 082 04 - NÚMERO DE LA CLASIFICACIÓN DECIMAL DEWEY |
| Número de edición |
22 |
| Número de clasificación |
833 S128m |
| 100 1# - ENTRADA PRINCIPAL--NOMBRE DE PERSONA |
| Nombre de persona |
Safier, David |
| Fechas asociadas al nombre |
1966- , |
| Término indicativo de función/relación |
autor |
| 245 10 - MENCIÓN DEL TÍTULO |
| Título |
Maldito Karma |
| Mención de responsabilidad, etc. |
/ David Safier: traducción por Lidia Álvarez Grifoll |
| 250 ## - MENCION DE EDICION |
| Mención de edición |
Vigesimosegunda impresión |
| 260 ## - PUBLICACIÓN, DISTRIBUCIÓN, ETC. |
| Lugar de publicación, distribución, etc. |
Barcelona |
| Nombre del editor, distribuidor, etc. |
: Seix Barral, |
| Fecha de publicación, distribución, etc. |
2010 |
| 300 ## - DESCRIPCIÓN FÍSICA |
| Extensión |
313 páginas |
| Dimensiones |
23 centímetros |
| 490 ## - MENCIÓN DE SERIE |
| Mención de serie |
Biblioteca Formentor |
| 500 ## - NOTA GENERAL |
| Nota general |
Contiene datos biográficos del autor en la solapa del texto |
| 520 ## - RESUMEN, ETC. |
| Sumario, etc. |
La presentadora de televisión Kim Lange está en el mejor momento de su carrera cuando sufre un accidente y muere aplastada por el lavabo de una estación espacial rusa. En el más allá, Kim se entera de que ha acumulado mal karma a lo largo de su vida: ha engañado a su marido, ha descuidado a su hija y ha amargado a cuantos la rodean. Pronto descubre cuál es su castigo: está en un agujero, tiene dos antenas y seis patas… ¡es una hormiga! Kim no tiene ganas de ir arrastrando migas de pastel tras haber eludido los hidratos de carbono toda su vida. Además, no puede permitir que su marido se consuele con otra. Sólo le queda una salida: acumular buen karma para ascender por la escala de la reencarnación y volver a ser humana. Pero el camino para dejar de ser plagado de contratiempos. Un millón de lectores en Alemania ya han disfrutado de esta hilarante novela, que ha colocado a David Safier en lo más alto de la escena literaria europea. Maldito karma es una historia de desbordante fantasía, una entrañable fábula que, entre carcajadas, nos ayuda a reflexionar sobre las prioridades de nuestra vida. Leela y descubre el secreto de la felicidad. |
| 546 ## - NOTA DE IDIOMA |
| Nota de lengua/lenguaje |
spa |
| 650 10 - PUNTO DE ACCESO ADICIONAL DE MATERIA--TÉRMINO DE MATERIA |
| Fuente del encabezamiento o término |
Lemb |
| Término de materia o nombre geográfico como elemento de entrada |
Literatura alemana |
| 650 10 - PUNTO DE ACCESO ADICIONAL DE MATERIA--TÉRMINO DE MATERIA |
| Fuente del encabezamiento o término |
Lemb |
| Término de materia o nombre geográfico como elemento de entrada |
Novela alemana |
| 700 ## - ENTRADA AGREGADA--NOMBRE PERSONAL |
| Nombre de persona |
Álvarez Grifoll, Lidia |
| Fechas asociadas al nombre |
1966- . |
| Término indicativo de función/relación |
autor |
| 942 ## - ELEMENTOS DE ENTRADA SECUNDARIOS (KOHA) |
| Fuente del sistema de clasificación o colocación |
Clasificación Decimal Dewey |
| Tipo de ítem Koha |
Libros |
| Suprimir en OPAC |
No |